01189nam a22003011a 4500001001200000003000800012006001900020007001500039008004100054010001700095020001500112040002100127035002000148050002500168082002000193245006300213260005000276300002300326490002500349504005400374533015200428650004300580650003500623655002900658710001700687810005700704856012600761ebr10004923CaPaEBRm u cr cn|||||||||981214s1998 sz a sb i000 0 eng d z 98230762  z9221108260 aCaPaEBRcCaPaEBR a(OCoLC)7072059214aSD387.S3bS24 1998eb04a634.9/028/922100aSafety and health in forestry workh[electronic resource]. aGeneva :bInternational Labour Office,c1998. axv, 166 p. :bill.1 aILO code of practice aIncludes bibliographical references (p. 149-156). aElectronic reproduction.bPalo Alto, Calif. :cebrary,d2013.nAvailable via World Wide Web.nAccess may be limited to ebrary affiliated libraries. 0aForests and forestryxSafety measures. 0aForestersxHealth and hygiene. 7aElectronic books.2local2 aebrary, Inc.2 aInternational Labour Office.tILO codes of practice.40uhttp://site.ebrary.com/lib/rucke/Doc?id=10004923zAn electronic book accessible through the World Wide Web; click to view